| 000 | 00842nam a2200253 i 4500 | ||
|---|---|---|---|
| 001 | 88958 | ||
| 003 | ES-MaACL | ||
| 005 | 20230906180000.0 | ||
| 007 | t| | ||
| 008 | 050117s1992 sp ||||1| spa d | ||
| 020 | _a84-00-07271-5 | ||
| 080 | _a510.6 | ||
| 245 | 0 | 0 |
_aAplicaciones de la lógica borrosa / _cEnric Trillas, Julio Gutiérrez Ríos, editores. |
| 260 |
_aMadrid : _bConsejo Superior de Investigaciones Científicas, _c1992. |
||
| 300 |
_aX, 266 p. : _bil. gráf. ; _c24 cm. |
||
| 490 | 1 | _aNuevas tendencias | |
| 650 | 4 |
_aLógica difusa. _914698 |
|
| 700 | 1 |
_aTrillas, Enric. _9111427 |
|
| 700 | 1 |
_aGutiérrez Ríos, Julio. _961214 |
|
| 710 | 2 |
_aConsejo Superior de Investigaciones Científicas (España) _93236 |
|
| 830 | 0 |
_aNuevas tendencias _9186417 |
|
| 852 |
_aES-MaACL _jE-10789 _bR.135164 |
||
| 999 |
_c88958 _d88958 |
||